000 00270nam a22001217a 4500
008 190306b xxu||||| |||| 00| 0 eng d
041 _aeng
080 _a941
100 _a16
101 _aHIS
245 _aAtlas of Descriptive Histology
_cReith, E.J
942 _2udc
_cBK
999 _c54616
_d54616